Marketing služieb

Gespeichert in:
Bibliographische Detailangaben
1. Verfasser: Lipianska, Júlia
Format: Buchkapitel
Sprache:Slowakisch
Tags: Tag hinzufügen
Keine Tags, Fügen Sie das erste Tag hinzu!

MARC

LEADER 00000naa$a2200000$$$4500
001 0128903
005 20221129102433.6
041 0 |a slo 
044 |a SK 
245 1 0 |a Marketing služieb  |c Júlia Lipianska 
100 1 |a Lipianska, Júlia